<?xml version="1.0" encoding="UTF-8"?>
<record
    xmlns:xsi="http://www.w3.org/2001/XMLSchema-instance"
    xsi:schemaLocation="http://www.loc.gov/MARC21/slim http://www.loc.gov/standards/marcxml/schema/MARC21slim.xsd"
    xmlns="http://www.loc.gov/MARC21/slim">

  <leader>00930nam a22001937a 4500</leader>
  <controlfield tag="008">121012t        xxu||||| |||| 00| 0 eng d</controlfield>
  <datafield tag="020" ind1=" " ind2=" ">
    <subfield code="a">0471144428</subfield>
  </datafield>
  <datafield tag="050" ind1=" " ind2=" ">
    <subfield code="a">HF5547.5.N5</subfield>
  </datafield>
  <datafield tag="245" ind1=" " ind2=" ">
    <subfield code="a">The New York public library business desk reference /</subfield>
    <subfield code="c">edited by Fargis Paul, Sheree Bykofsky and Karen Brunson Kneipp</subfield>
  </datafield>
  <datafield tag="260" ind1=" " ind2=" ">
    <subfield code="a">U.S.A:</subfield>
    <subfield code="b">John Wiley and Sons,</subfield>
    <subfield code="c">c1997.</subfield>
  </datafield>
  <datafield tag="300" ind1=" " ind2=" ">
    <subfield code="a">xiv, 494 p.:</subfield>
    <subfield code="c">24cm.</subfield>
  </datafield>
  <datafield tag="500" ind1=" " ind2=" ">
    <subfield code="a">Includes index.</subfield>
  </datafield>
  <datafield tag="505" ind1=" " ind2=" ">
    <subfield code="a">Contents: Getting it there -- Communicating -- The Office environment -- Office equipment and supplies -- Office systems -- People: the office's most valuable asset -- Finances and formulas -- Image: the face your business shows the world -- Marketing for growth -- Travel -- Business resources.</subfield>
  </datafield>
  <datafield tag="650" ind1=" " ind2=" ">
    <subfield code="b">Office practice </subfield>
    <subfield code="x"> United States </subfield>
    <subfield code="x"> Handbooks, manuals, etc.</subfield>
  </datafield>
  <datafield tag="700" ind1=" " ind2=" ">
    <subfield code="a">Fargis, Paul</subfield>
  </datafield>
  <datafield tag="700" ind1=" " ind2=" ">
    <subfield code="a">Bykofsky, Sheree</subfield>
  </datafield>
  <datafield tag="700" ind1=" " ind2=" ">
    <subfield code="a">Kneipp, Karen Brunson</subfield>
  </datafield>
  <datafield tag="942" ind1=" " ind2=" ">
    <subfield code="2">lcc</subfield>
    <subfield code="c">BK</subfield>
  </datafield>
  <datafield tag="999" ind1=" " ind2=" ">
    <subfield code="c">2442</subfield>
    <subfield code="d">9942</subfield>
  </datafield>
  <datafield tag="952" ind1=" " ind2=" ">
    <subfield code="0">0</subfield>
    <subfield code="1">0</subfield>
    <subfield code="2">lcc</subfield>
    <subfield code="4">0</subfield>
    <subfield code="7">0</subfield>
    <subfield code="a">WIUC-1</subfield>
    <subfield code="b">WIUC-1</subfield>
    <subfield code="c">REF</subfield>
    <subfield code="d">2012-10-12</subfield>
    <subfield code="l">0</subfield>
    <subfield code="o">HF5547.5.N5</subfield>
    <subfield code="p">6436/12</subfield>
    <subfield code="r">2012-10-12 00:00:00</subfield>
    <subfield code="t">1</subfield>
    <subfield code="w">2012-10-12</subfield>
    <subfield code="y">BK</subfield>
  </datafield>
  <datafield tag="952" ind1=" " ind2=" ">
    <subfield code="0">0</subfield>
    <subfield code="1">0</subfield>
    <subfield code="2">lcc</subfield>
    <subfield code="4">0</subfield>
    <subfield code="7">0</subfield>
    <subfield code="a">WIUC-1</subfield>
    <subfield code="b">WIUC-1</subfield>
    <subfield code="c">REF</subfield>
    <subfield code="d">2012-10-12</subfield>
    <subfield code="l">0</subfield>
    <subfield code="o">HF5547.5.N51</subfield>
    <subfield code="p">6437/12</subfield>
    <subfield code="r">2012-10-12 00:00:00</subfield>
    <subfield code="t">2</subfield>
    <subfield code="w">2012-10-12</subfield>
    <subfield code="y">BK</subfield>
  </datafield>
  <datafield tag="952" ind1=" " ind2=" ">
    <subfield code="0">0</subfield>
    <subfield code="1">0</subfield>
    <subfield code="2">lcc</subfield>
    <subfield code="4">0</subfield>
    <subfield code="7">0</subfield>
    <subfield code="a">WIUC-1</subfield>
    <subfield code="b">WIUC-1</subfield>
    <subfield code="c">REF</subfield>
    <subfield code="d">2012-10-12</subfield>
    <subfield code="l">0</subfield>
    <subfield code="o">HF5547.5.N52</subfield>
    <subfield code="p">6438/12</subfield>
    <subfield code="r">2012-10-12 00:00:00</subfield>
    <subfield code="t">3</subfield>
    <subfield code="w">2012-10-12</subfield>
    <subfield code="y">BK</subfield>
  </datafield>
</record>
